Bank fragility and international capital mobility

Uložené v:
Podrobná bibliografia
Hlavný autor: Detragiache, Enrica
Médium: Kniha
Jazyk:English
Vydavateľské údaje: Washington International Monetary Fund 1999
Edícia:IMF Working Paper WP/99/113
Predmet:
Tagy: Pridať tag
Žiadne tagy, Buďte prvý, kto otaguje tento záznam!

MARC

LEADER 00000nam a2200000 4500
001 c123726
005 20221221081638.5
041 0 |a eng 
044 |a US 
245 1 0 |a Bank fragility and international capital mobility  |c Enrica Detragiache 
264 1 |a Washington  |b International Monetary Fund  |c 1999 
300 |a 20 s. 
490 1 |a IMF Working Paper  |v WP/99/113 
830 0 |a IMF Working Paper  |v WP/99/113 
610 2 0 |a kríza banková 
610 2 0 |a kapitál zahraničný 
610 2 0 |a pohyb kapitálu 
100 1 |a Detragiache, Enrica